| 000 | 00818nam a2200265 a 4500 | ||
|---|---|---|---|
| 001 | 20956 | ||
| 003 | BD-RjUL | ||
| 005 | 20211209000630.0 | ||
| 008 | 161120s1955 enk 000 1 eng d | ||
| 035 | _a(BD-RjUL ) 21018 | ||
| 040 |
_aTXR _cTXR _dBD-RjUL _beng |
||
| 041 | _aeng | ||
| 082 |
_a823.6 _bRIP 1955 _223 |
||
| 100 | 1 |
_aRichardson, Samuel, _d1689-1761. _961614 |
|
| 245 | 1 | 0 |
_aPamela / _cSamuel Richardson |
| 260 |
_aLondon : _bE. P. Dutton, _c1914 [Reprinted 1955]. |
||
| 300 |
_aV. ; _c17 cm |
||
| 490 |
_aEveryman's library, _vno. 683-684. |
||
| 505 | 0 | _aVol. 1 -- v. 2 -- | |
| 651 |
_aEngland _xWomen household employees _9165780 |
||
| 651 |
_xEnglish fiction _9163996 |
||
| 700 | 1 |
_aSaintsbury, George, _d1845-1933. _957733 |
|
| 830 |
_aEveryman's library, _vno. 683-684. _9116745 |
||
| 942 |
_2ddc _cBK |
||
| 999 |
_c20956 _d20956 |
||